000 00347nam a22001457a 4500
008 210426b ||||| |||| 00| 0 eng d
020 _a9780132707527
041 _aeng
080 _25th
_a37
082 _a37
100 _a46
101 _aEDU
245 _aOrganic Nomenclature a Programmed Introduction
_cJames G. Traynham
942 _2udc
_cBK
999 _c56772
_d56772